000 00824nas a2200265 4500
001 BR2010001935
003 BR-BrBNA
005 20231205114016.0
007 ta
008 230509b bl.|||p| |||| 00| 00por d
040 _aBR-BrBNA
_bpor
_cBiblioteca Nacional de Agricultura
041 _a(Pt)
072 _aQ80; J11
100 1 _aCabral-Malheiros, G.
100 1 _aHeckthener, L.H.R.
100 1 _aCanto, M.W. do
100 1 _aBalsamo, G.M.
245 1 _aO tempo e o tipo de embalagem sobre a erva-mate tipo chimarrão durante armazenagem em condições ambientais
650 _aMATE
650 _aEMBALAGEM
650 _aARMAZENAMENTO
773 0 _tCiência Rural (Brazil)
_xISSN 0103-8478
_g(Mar 2010), v. 40(3) p. 654-660
_wBR2010001935
909 _a202311
_bLúcia
_c55
_dLúcia Elande
942 _2AGRIS
_n0
_cANA
999 _c206694
_d206694